000 00644nam a22001697a 4500
999 _c12406
_d12406
008 190124b ||||| |||| 00| 0 eng d
082 _22018
_aUT 1137
_bF45
100 _aFiel, Joycee Mae S.
_935011
245 _aLanguage learning styles of Senior High School students in UM Digos
_cJoycee Mae S. Fiel, Resweetcel B. Paninsoro, and Ruth A. Maglasang
260 _aDigos City:
_bUMDC
_cOctober 2018.
300 _a56 pages;
_c30 cm.
650 _aEducation
_vEnglish
_xUndergraduate thesis.
_935012
700 _aFiel, Joycee Mae S.
_935011
700 _aPaninsoro, Resweetcel B.
_935013
700 _aMaglasang, Ruth A.
_935014
942 _2ddc
_cUT